Meilleurs Buteur Ligue des Champions 19/20 - Statistiques

Statistiques générales
  • Ce quiz a été pris 71 fois
  • Le résultat moyen est 10 sur 15
Statistiques - réponses
But Club Joueur % Correct
15 Bayern Munnich Lewandowski
98%
5 Paris Saint-Germain Mbappe
90%
6 Tottenham Kane
87%
10 Borussia Dortmund Haaland
82%
9 Bayern Munich Gnabry
80%
5 Real Madrid Benzema
78%
6 Lyon Depay
77%
6 Manchester City Sterling
68%
5 Inter Milan Martinez
65%
5 FC Barcelone Suarez
55%
5 Paris Saint-Germain Icardi
47%
6 Manchester City Gabriel Jesus
43%
6 Naples Mertens
43%
5 Atalanta Bergame Ilicic
28%
5 Olympiakos El-Arabi
17%
Aucun quiz correspondant
Distribution des résultats
% des personnes avec chaque résultat
Percentile par nombre de réponses
Votre historique - résultats
Vous n’avez pas pris ce quiz